| 000 | 00000nam 2200000za 4500 |
| 001 | 9.802762 |
| 003 | CaOODSP |
| 005 | 20221107135046 |
| 007 | cr ||||||||||| |
| 008 | 150828s2015 onc #o f000 0 eng d |
| 040 | |aCaOODSP|beng |
| 043 | |an-cnm--|an-cn-qu |
| 086 | 1 |aFs23-605/2015E-PDF |
| 245 | 02|aA special report on wild Atlantic salmon in Eastern Canada |h[electronic resource] / |cprepared by Minister's Advisory Committee on Atlantic Salmon. |
| 260 | |a[Ottawa] : |b[Fisheries and Oceans Canada], |c2015. |
| 300 | |ai, 63 p. |
| 500 | |aIssued also in French under title: Rapport spécial sur le saumon atlantique dans l'Est du Canada. |
| 500 | |a"July, 2015". |
| 692 | 07|2gccst|aSalt water fish |
| 692 | 07|2gccst|aNature conservation |
| 710 | 1 |aCanada. |bDepartment of Fisheries and Oceans. |
| 710 | 1 |aCanada. |bMinister's Advisory Committee on Atlantic Salmon. |
| 775 | 08|tRapport spécial sur le saumon atlantique dans l'Est du Canada |w(CaOODSP)9.802763 |
| 856 | 40|qPDF|s352 KB|uhttps://publications.gc.ca/collections/collection_2015/mpo-dfo/Fs23-605-2015-eng.pdf |